[Event "Gibtelecom ChallWk2 7th"]
[Site "Gibraltar"]
[Date "2009.02.01"]
[Round "1.6"]
[White "Getz, Nicolai"]
[Black "Pendlebury, Ian G"]
[Result "1-0"]
[WhiteElo "2190"]
[BlackElo "2016"]
[PlyCount "75"]
[EventDate "2009.02.01"]
[EventType "swiss"]
[EventRounds "5"]
[EventCountry "GGB"]
[SourceTitle "BritBase"]
[Source "www.saund.co.uk"]
[SourceDate "2018.02.10"]
[SourceVersion "1"]
[SourceVersionDate "2018.02.10"]
[SourceQuality "1"]

1. e4 c6 2. d4 d5 3. f3 e6 4. Nc3 Nf6 5. e5 Nfd7 6. f4 c5 7. Nf3 Nc6 8. Be3 a6
9. Qd2 cxd4 10. Nxd4 Nxd4 11. Bxd4 Bc5 12. O-O-O Bxd4 13. Qxd4 Qc7 14. h4 b6
15. h5 h6 16. Rh3 Nc5 17. Rg3 Rg8 18. Bd3 Nxd3+ 19. Qxd3 Bb7 20. Qh7 Kf8 21.
Rd4 Rc8 22. Qd3 b5 23. a3 Bc6 24. Re3 g6 25. Rg3 Be8 26. hxg6 fxg6 27. Qe3 Qh7
28. Rd1 h5 29. Ne2 Qc7 30. Nd4 Bf7 31. Qe1 Qb6 32. Qb4+ Ke8 33. b3 Qc5 34. Qa5
Ke7 35. Kb2 Rgd8 36. Qxa6 Ra8 37. Qb7+ Kf8 38. b4 1-0

[Event "Gibtelecom ChallWk2 7th"]
[Site "Gibraltar"]
[Date "2009.02.01"]
[Round "1.7"]
[White "Pettersen, Joar Gullestad"]
[Black "Kozlov, Oleg"]
[Result "0-1"]
[WhiteElo "2016"]
[BlackElo "2187"]
[PlyCount "88"]
[EventDate "2009.02.01"]
[EventType "swiss"]
[EventRounds "5"]
[EventCountry "GGB"]
[SourceTitle "BritBase"]
[Source "www.saund.co.uk"]
[SourceDate "2018.02.10"]
[SourceVersion "1"]
[SourceVersionDate "2018.02.10"]
[SourceQuality "1"]

1. e4 c5 2. Nf3 a6 3. d4 cxd4 4. Nxd4 Nf6 5. Nc3 d6 6. h3 e5 7. Nde2 Be6 8. g4
Nbd7 9. Bg2 Be7 10. Ng3 O-O 11. O-O Rc8 12. Nd5 Bxd5 13. exd5 Ne8 14. Be3 g6
15. b3 Ng7 16. c4 f5 17. gxf5 Nxf5 18. Ne4 Bh4 19. Qg4 Nf6 20. Nxf6+ Bxf6 21.
Be4 Bg7 22. Bg5 Qd7 23. Rae1 b5 24. cxb5 axb5 25. Rc1 Ra8 26. Rc2 Qe8 27. Rfc1
Nd4 28. Rd2 Rc8 29. Rxc8 Qxc8 30. Kg2 Qxg4+ 31. hxg4 Bf6 32. Be3 Kg7 33. Rd1
Ra8 34. Bb1 h5 35. gxh5 gxh5 36. Rc1 Bd8 37. Kh3 Kf6 38. Rg1 Be7 39. Rg6+ Kf7
40. Rh6 h4 41. Rh7+ Kf6 42. Rxh4 Nf5 43. Bxf5 Kxf5 44. a4 Bxh4 0-1

[Event "Gibtelecom ChallWk2 7th"]
[Site "Gibraltar"]
[Date "2009.02.01"]
[Round "1.8"]
[White "Hagesaether, Arne"]
[Black "Cafolla, Peter"]
[Result "1/2-1/2"]
[WhiteElo "2184"]
[BlackElo "2013"]
[PlyCount "59"]
[EventDate "2009.02.01"]
[EventType "swiss"]
[EventRounds "5"]
[EventCountry "GGB"]
[SourceTitle "BritBase"]
[Source "www.saund.co.uk"]
[SourceDate "2018.02.10"]
[SourceVersion "1"]
[SourceVersionDate "2018.02.10"]
[SourceQuality "1"]

1. e4 e5 2. Nf3 Nc6 3. Bb5 a6 4. Bxc6 dxc6 5. d4 exd4 6. Qxd4 Qxd4 7. Nxd4 Bd6
8. Be3 Ne7 9. f4 f6 10. Nd2 Ng6 11. g3 Bd7 12. O-O-O O-O-O 13. h3 Rhe8 14. N4b3
b6 15. a3 c5 16. Bf2 h5 17. h4 Bc6 18. Rhe1 a5 19. Re2 a4 20. Na1 Re7 21. c3
Rde8 22. Nc4 Rxe4 23. Nxd6+ cxd6 24. Rxe4 Rxe4 25. Rxd6 Kc7 26. Rd3 Ne7 27. Re3
Rxe3 28. Bxe3 Nf5 29. Bf2 Nd6 30. Nc2 1/2-1/2

[Event "Gibtelecom ChallWk2 7th"]
[Site "Gibraltar"]
[Date "2009.02.01"]
[Round "1.9"]
[White "Beltran Medina, Jorge"]
[Black "Lovik, Lasse Ostebo"]
[Result "0-1"]
[WhiteElo "2006"]
[BlackElo "2184"]
[PlyCount "86"]
[EventDate "2009.02.01"]
[EventType "swiss"]
[EventRounds "5"]
[EventCountry "GGB"]
[SourceTitle "BritBase"]
[Source "www.saund.co.uk"]
[SourceDate "2018.02.10"]
[SourceVersion "1"]
[SourceVersionDate "2018.02.10"]
[SourceQuality "1"]

1. d4 d5 2. c4 c6 3. Nf3 Nf6 4. g3 e6 5. Bg2 Nbd7 6. Qc2 Ne4 7. O-O Bd6 8. b3
Qe7 9. Bb2 O-O 10. Nbd2 f5 11. e3 b6 12. Ne5 Bxe5 13. dxe5 Ba6 14. Rfd1 Rac8
15. f3 Nxd2 16. Qxd2 Rfd8 17. cxd5 cxd5 18. Rdc1 Nc5 19. Ba3 Qd7 20. Bxc5 bxc5
21. Qa5 Qc6 22. Rc2 Qb6 23. Qxb6 axb6 24. Rac1 Ra8 25. Rd2 Rd7 26. f4 Rda7 27.
Rb2 Bd3 28. a4 Kf7 29. Rc3 Be4 30. Bxe4 fxe4 31. h4 Ke7 32. b4 c4 33. a5 bxa5
34. bxa5 Rxa5 35. Rb7+ Kf8 36. h5 h6 37. Kh2 R8a7 38. Rb8+ Kf7 39. Rc1 Rc7 40.
Rd8 c3 41. Rb1 c2 42. Rbb8 c1=Q 43. Rf8+ Ke7 0-1

[Event "Gibtelecom ChallWk2 7th"]
[Site "Gibraltar"]
[Date "2009.02.01"]
[Round "1.10"]
[White "Salem, Ihab"]
[Black "Bryn, Askild"]
[Result "0-1"]
[WhiteElo "2171"]
[BlackElo "2006"]
[PlyCount "96"]
[EventDate "2009.02.01"]
[EventType "swiss"]
[EventRounds "5"]
[EventCountry "GGB"]
[SourceTitle "BritBase"]
[Source "www.saund.co.uk"]
[SourceDate "2018.02.10"]
[SourceVersion "1"]
[SourceVersionDate "2018.02.10"]
[SourceQuality "1"]

1. e4 c5 2. c3 e6 3. d4 d5 4. e5 Nc6 5. Nf3 Qb6 6. a3 c4 7. Be2 Na5 8. Nbd2 Bd7
9. O-O Nb3 10. Nxb3 Ba4 11. Be3 Bxb3 12. Qc1 f5 13. exf6 gxf6 14. Nd2 O-O-O 15.
Nxb3 Qxb3 16. Bd1 Qb6 17. b3 Qc7 18. bxc4 Bd6 19. h3 Qxc4 20. Re1 Qc7 21. Re2
Kb8 22. Rc2 Ne7 23. c4 Qd7 24. c5 Bc7 25. Rb1 Ka8 26. Rcb2 Rb8 27. Rb4 Rhc8 28.
Ba4 Nc6 29. Qd1 b6 30. Bb5 bxc5 31. dxc5 Ba5 32. R4b2 Qc7 33. Qa4 Ne7 34. c6
Bb6 35. Ba6 Qxc6 36. Qb4 Nf5 37. Bxc8 Nxe3 38. Ba6 Nc4 39. Bb5 Qc7 40. Qa4 Nxb2
41. Bc6+ Rb7 42. Rxb2 Kb8 43. Bxb7 Qc1+ 44. Kh2 Bc7+ 45. g3 Qxb2 46. Ba6 Qxf2+
47. Kh1 Qf3+ 48. Kh2 Bxg3+ 0-1

[Event "Gibtelecom ChallWk2 7th"]
[Site "Gibraltar"]
[Date "2009.02.01"]
[Round "1.11"]
[White "Demac, Elias"]
[Black "Vea, Odin Blikra"]
[Result "0-1"]
[WhiteElo "1993"]
[BlackElo "2169"]
[PlyCount "102"]
[EventDate "2009.02.01"]
[EventType "swiss"]
[EventRounds "5"]
[EventCountry "GGB"]
[SourceTitle "BritBase"]
[Source "www.saund.co.uk"]
[SourceDate "2018.02.10"]
[SourceVersion "1"]
[SourceVersionDate "2018.02.10"]
[SourceQuality "1"]

1. d4 a6 2. g3 e6 3. Bg2 c5 4. d5 Nf6 5. c4 exd5 6. cxd5 d6 7. a4 Be7 8. Nc3
O-O 9. e4 Nbd7 10. Nf3 Rb8 11. a5 b5 12. axb6 Rxb6 13. O-O Ng4 14. Nd2 Nde5 15.
Qe2 Bf6 16. h3 Nh6 17. f4 Ng6 18. Nc4 Bd4+ 19. Be3 Bxe3+ 20. Qxe3 Rb4 21. Ra4
Re8 22. Qd3 f5 23. Kh2 fxe4 24. Bxe4 a5 25. f5 Ba6 26. fxg6 Bxc4 27. gxh7+ Kh8
28. Qxc4 Rxc4 29. Rxc4 Rf8 30. Rxf8+ Qxf8 31. Kg2 Qb8 32. Nd1 Nf7 33. Rc2 Ne5
34. h4 g6 35. h5 Kxh7 36. hxg6+ Nxg6 37. Ne3 Qe8 38. Kf3 Kg8 39. Nf5 Ne5+ 40.
Kf4 Nf7 41. Re2 Qe5+ 42. Kg4 Qf6 43. Bb1 Qg5+ 44. Kf3 Ne5+ 45. Kg2 Qc1 46. Be4
Qc4 47. Kf2 Qa6 48. Ne7+ Kf7 49. Nc6 Ng4+ 50. Kf3 Nf6 51. Bf5 Nxd5 0-1

[Event "Gibtelecom ChallWk2 7th"]
[Site "Gibraltar"]
[Date "2009.02.01"]
[Round "1.12"]
[White "Perez Aleman, Pedro Tomas"]
[Black "Madland, Kristoffer"]
[Result "0-1"]
[WhiteElo "2160"]
[BlackElo "1992"]
[PlyCount "90"]
[EventDate "2009.02.01"]
[EventType "swiss"]
[EventRounds "5"]
[EventCountry "GGB"]
[SourceTitle "BritBase"]
[Source "www.saund.co.uk"]
[SourceDate "2018.02.10"]
[SourceVersion "1"]
[SourceVersionDate "2018.02.10"]
[SourceQuality "1"]

1. c4 c5 2. Nf3 Nc6 3. d4 cxd4 4. Nxd4 g6 5. e4 Bg7 6. Be3 Nf6 7. Nc3 O-O 8.
Be2 d6 9. O-O Bd7 10. Qd2 Nxd4 11. Bxd4 Bc6 12. f3 a5 13. b3 Nd7 14. Be3 Nc5
15. Rab1 Qb6 16. Rfc1 Rfc8 17. Rc2 Qd8 18. Bf1 Qf8 19. a3 Qd8 20. b4 axb4 21.
axb4 Na4 22. Nd1 Qc7 23. Nf2 Qb8 24. Rbc1 Rd8 25. b5 Bd7 26. Nd3 b6 27. Nb4 Nc5
28. Rd1 Ra3 29. Qf2 Qa7 30. Nd5 Be6 31. Nb4 Qa4 32. Nc6 Re8 33. Bg5 Bf8 34.
Rcc1 Ra2 35. Qh4 f6 36. Bh6 Bxh6 37. Qxh6 Nb3 38. Rc3 Na5 39. Nd4 Qxd1 40. Nxe6
Kf7 41. Nf4 Rh8 42. Qh3 Ra1 43. Qe6+ Kf8 44. Qc8+ Kg7 45. Ne6+ Kh6 0-1

[Event "Gibtelecom ChallWk2 7th"]
[Site "Gibraltar"]
[Date "2009.02.01"]
[Round "1.13"]
[White "Nisbet, Alex Ian"]
[Black "Erdelyi, Tamas"]
[Result "0-1"]
[WhiteElo "1975"]
[BlackElo "2152"]
[PlyCount "88"]
[EventDate "2009.02.01"]
[EventType "swiss"]
[EventRounds "5"]
[EventCountry "GGB"]
[SourceTitle "BritBase"]
[Source "www.saund.co.uk"]
[SourceDate "2018.02.10"]
[SourceVersion "1"]
[SourceVersionDate "2018.02.10"]
[SourceQuality "1"]

1. d4 Nf6 2. Nf3 c5 3. e3 b6 4. Be2 Bb7 5. O-O g6 6. c3 Bg7 7. Nbd2 O-O 8. b3
Qc7 9. Bb2 d6 10. c4 e6 11. Qc2 Nbd7 12. Rac1 Rac8 13. Qb1 Qb8 14. Rfd1 Qa8 15.
Qa1 Rfe8 16. Nf1 cxd4 17. exd4 Nh5 18. Ne1 Nf4 19. Bf3 Bxf3 20. Nxf3 Ne2+ 21.
Kh1 Nxc1 22. Rxc1 Nf6 23. Ne3 Nh5 24. Rd1 Qe4 25. d5 e5 26. Qc1 Bh6 27. Re1
Bxe3 28. Rxe3 Qf5 29. Qd1 Qd7 30. Ng5 Qd8 31. Ne4 f5 32. g4 fxe4 33. gxh5 Qh4
34. Rg3 Rf8 35. Qe2 g5 36. Bc1 h6 37. Be3 Rf3 38. Rxf3 exf3 39. Qxf3 Rf8 40.
Qe2 Qe4+ 41. Kg1 Rf3 42. b4 Rf4 43. Qd2 Rg4+ 44. Kf1 Qxc4+ 0-1

[Event "Gibtelecom ChallWk2 7th"]
[Site "Gibraltar"]
[Date "2009.02.01"]
[Round "1.14"]
[White "Bates, Caspar J"]
[Black "Guerrero Beret, Jesus"]
[Result "1-0"]
[WhiteElo "2142"]
[BlackElo "1964"]
[PlyCount "91"]
[EventDate "2009.02.01"]
[EventType "swiss"]
[EventRounds "5"]
[EventCountry "GGB"]
[SourceTitle "BritBase"]
[Source "www.saund.co.uk"]
[SourceDate "2018.02.10"]
[SourceVersion "1"]
[SourceVersionDate "2018.02.10"]
[SourceQuality "1"]

1. e4 e5 2. Nf3 Nc6 3. Bb5 d6 4. d4 exd4 5. Nxd4 Bd7 6. Nxc6 Bxc6 7. Bxc6+ bxc6
8. O-O g6 9. Qd4 Nf6 10. Bg5 Bg7 11. e5 dxe5 12. Qxe5+ Qe7 13. Qxe7+ Kxe7 14.
Re1+ Kd7 15. Na3 Rae8 16. Nc4 Ne4 17. Be3 Nd6 18. Red1 Re4 19. Nxd6 cxd6 20.
Rd3 Bxb2 21. Rad1 d5 22. Rb3 Bf6 23. Rb7+ Ke6 24. Rxa7 d4 25. Bd2 Re8 26. Rc7
Kd5 27. Rxf7 Bg5 28. f3 Be3+ 29. Bxe3 Rxe3 30. Rd7+ Kc5 31. R7xd4 Ra3 32. Rd7
Rxa2 33. R1d2 h5 34. Kf2 g5 35. Rh7 h4 36. Rh5 Kc4 37. Rxg5 Kc3 38. Re2 Rxe2+
39. Kxe2 Rxc2+ 40. Ke3 Kb3 41. f4 c5 42. f5 Rc4 43. f6 Rc1 44. Ke2 Rc2+ 45. Kf3
Rc1 46. Kg4 1-0

[Event "Gibtelecom ChallWk2 7th"]
[Site "Gibraltar"]
[Date "2009.02.01"]
[Round "1.15"]
[White "Kouchak, Jason"]
[Black "Machin Arbelo, Pedro Alexi"]
[Result "0-1"]
[WhiteElo "1960"]
[BlackElo "2134"]
[PlyCount "98"]
[EventDate "2009.02.01"]
[EventType "swiss"]
[EventRounds "5"]
[EventCountry "GGB"]
[SourceTitle "BritBase"]
[Source "www.saund.co.uk"]
[SourceDate "2018.02.10"]
[SourceVersion "1"]
[SourceVersionDate "2018.02.10"]
[SourceQuality "1"]

1. d4 Nf6 2. Nf3 e6 3. Bg5 b6 4. Nbd2 Bb7 5. c3 c5 6. e3 h6 7. Bh4 Be7 8. Bd3
g5 9. Bg3 g4 10. Ne5 Bxg2 11. Rg1 Bh3 12. Qa4 h5 13. Bb5 a6 14. O-O-O Kf8 15.
Bh4 d6 16. dxc5 dxe5 17. Ne4 Nd5 18. Bxe7+ Qxe7 19. cxb6 Nxb6 20. Qa5 Nd5 21.
Ba4 Kg7 22. c4 Rc8 23. b3 Nc6 24. Bxc6 Rxc6 25. Kb2 Qc7 26. Qd2 Nf6 27. Ng5 Kf8
28. e4 a5 29. Rg3 h4 30. Rd3 a4 31. Qb4+ Kg7 32. Nxh3 axb3 33. axb3 Rb8 34. Qe1
gxh3 35. Qg1+ Kf8 36. Qg5 Rxc4 37. Qh6+ Ke7 38. Qxh4 Rd4 39. Rc3 Qd6 40. Rdc1
Rd2+ 41. Kb1 Rd1 42. Rxd1 Qxd1+ 43. Kb2 Qd2+ 44. Rc2 Qd4+ 45. Rc3 Rc8 46. Qg3
Rxc3 47. Qxc3 Qxc3+ 48. Kxc3 Nxe4+ 49. Kb4 Nxf2 0-1

[Event "Gibtelecom ChallWk2 7th"]
[Site "Gibraltar"]
[Date "2009.02.01"]
[Round "1.16"]
[White "Osuna Vega, Enrique"]
[Black "Dennis, Nigel W"]
[Result "1/2-1/2"]
[WhiteElo "2130"]
[BlackElo "1957"]
[PlyCount "112"]
[EventDate "2009.02.01"]
[EventType "swiss"]
[EventRounds "5"]
[EventCountry "GGB"]
[SourceTitle "BritBase"]
[Source "www.saund.co.uk"]
[SourceDate "2018.02.10"]
[SourceVersion "1"]
[SourceVersionDate "2018.02.10"]
[SourceQuality "1"]

1. d4 Nf6 2. Nf3 g6 3. Nc3 Bg7 4. e4 d6 5. Be3 O-O 6. Qd2 Ng4 7. Bg5 f6 8. Bc4+
e6 9. Bf4 f5 10. exf5 gxf5 11. O-O-O c6 12. Rde1 d5 13. Bd3 b5 14. Ne5 Nxe5 15.
Bxe5 a5 16. g4 b4 17. Na4 Bxe5 18. Rxe5 Qf6 19. Nc5 fxg4 20. Rg1 Ra7 21. Rxg4+
Rg7 22. Rxg7+ Kxg7 23. Rg5+ Kh8 24. Rh5 Rf7 25. Rh6 Qxd4 26. Nxe6 Qg4 27. Qg5
Bxe6 28. Qd8+ Qg8 29. Qxg8+ Kxg8 30. Rxe6 Kg7 31. Rd6 h6 32. Rg6+ Kf8 33. Rxh6
Ke7 34. Rh7 Rxh7 35. Bxh7 Nd7 36. Kd2 Nf6 37. Bf5 Kd6 38. f4 d4 39. Bg6 Nd5 40.
f5 Ke5 41. h4 c5 42. h5 c4 43. h6 Kf6 44. h7 Kg7 45. Bf7 Ne3 46. Bg6 Nd5 47.
Bf7 Ne3 48. Bg8 c3+ 49. bxc3 bxc3+ 50. Kd3 Nxf5 51. Ke4 a4 52. Bc4 Ne3 53. Kxd4
Nxc2+ 54. Kxc3 Ne3 55. Bg8 Nd1+ 56. Kb4 Kh8 1/2-1/2

[Event "Gibtelecom ChallWk2 7th"]
[Site "Gibraltar"]
[Date "2009.02.01"]
[Round "1.17"]
[White "Whitfield, Craig M"]
[Black "Almond, Richard J"]
[Result "1-0"]
[WhiteElo "1942"]
[BlackElo "2126"]
[PlyCount "57"]
[EventDate "2009.02.01"]
[EventType "swiss"]
[EventRounds "5"]
[EventCountry "GGB"]
[SourceTitle "BritBase"]
[Source "www.saund.co.uk"]
[SourceDate "2018.02.10"]
[SourceVersion "1"]
[SourceVersionDate "2018.02.10"]
[SourceQuality "1"]

1. e4 d5 2. exd5 Qxd5 3. Nc3 Qa5 4. d4 c6 5. Nf3 Nf6 6. Bd2 Bf5 7. Ne4 Qc7 8.
Nxf6+ gxf6 9. g3 e6 10. Bg2 Nd7 11. O-O O-O-O 12. c4 Bd3 13. Bf4 e5 14. Qxd3
exf4 15. Qf5 Kb8 16. Rfe1 fxg3 17. hxg3 c5 18. Rad1 Bd6 19. a3 cxd4 20. b4 Be5
21. Nxd4 Bxd4 22. Rxd4 Ne5 23. Qxf6 Ng6 24. Rxd8+ Rxd8 25. Bd5 Rf8 26. b5 h5
27. Qg7 Qd7 28. Re6 Qd8 29. Rxg6 1-0

[Event "Gibtelecom ChallWk2 7th"]
[Site "Gibraltar"]
[Date "2009.02.01"]
[Round "1.18"]
[White "Haugstad, Espen"]
[Black "Haug, Marianne Wold"]
[Result "1/2-1/2"]
[WhiteElo "2114"]
[BlackElo "1935"]
[PlyCount "62"]
[EventDate "2009.02.01"]
[EventType "swiss"]
[EventRounds "5"]
[EventCountry "GGB"]
[SourceTitle "BritBase"]
[Source "www.saund.co.uk"]
[SourceDate "2018.02.10"]
[SourceVersion "1"]
[SourceVersionDate "2018.02.10"]
[SourceQuality "1"]

1. e4 c5 2. c3 g6 3. d4 cxd4 4. cxd4 d5 5. e5 Bg7 6. Nc3 Nc6 7. Be3 f6 8. f4
Nh6 9. Nf3 Bg4 10. Be2 Nf5 11. Bf2 fxe5 12. dxe5 e6 13. O-O O-O 14. Ng5 Bxe2
15. Qxe2 Qe7 16. Qb5 Nfd4 17. Bxd4 Nxd4 18. Qd3 Nc6 19. Qh3 Bxe5 20. fxe5 Qxg5
21. Qxe6+ Kg7 22. Qd7+ Qe7 23. Qxe7+ Nxe7 24. Rad1 Rxf1+ 25. Kxf1 Rf8+ 26. Ke2
Rf5 27. Nxd5 Rxe5+ 28. Ne3 Nf5 29. Rd3 Kf6 30. Kf2 Nxe3 31. Rxe3 Rb5 1/2-1/2

[Event "Gibtelecom ChallWk2 7th"]
[Site "Gibraltar"]
[Date "2009.02.01"]
[Round "1.19"]
[White "Gravett, Alan D"]
[Black "Hagen, Anders Gjerdrum"]
[Result "0-1"]
[WhiteElo "1869"]
[BlackElo "2110"]
[PlyCount "34"]
[EventDate "2009.02.01"]
[EventType "swiss"]
[EventRounds "5"]
[EventCountry "GGB"]
[SourceTitle "BritBase"]
[Source "www.saund.co.uk"]
[SourceDate "2018.02.10"]
[SourceVersion "1"]
[SourceVersionDate "2018.02.10"]
[SourceQuality "1"]

1. g3 e5 2. Bg2 Nc6 3. c4 f5 4. d3 Nf6 5. Nc3 Bc5 6. e3 O-O 7. Nge2 d6 8. O-O
Qe8 9. a3 a5 10. d4 Ba7 11. d5 Ne7 12. b4 f4 13. exf4 axb4 14. Ne4 Ng6 15.
Nxf6+ Rxf6 16. fxe5 Qxe5 17. Rb1 Bg4 0-1

[Event "Gibtelecom ChallWk2 7th"]
[Site "Gibraltar"]
[Date "2009.02.01"]
[Round "1.20"]
[White "Loberg, Jo Kristian"]
[Black "Wheldon, Philip"]
[Result "1/2-1/2"]
[WhiteElo "1923"]
[BlackElo "2094"]
[PlyCount "98"]
[EventDate "2009.02.01"]
[EventType "swiss"]
[EventRounds "5"]
[EventCountry "GGB"]
[SourceTitle "BritBase"]
[Source "www.saund.co.uk"]
[SourceDate "2018.02.10"]
[SourceVersion "1"]
[SourceVersionDate "2018.02.10"]
[SourceQuality "1"]

1. e4 c5 2. Nf3 d6 3. d4 cxd4 4. Nxd4 Nf6 5. Nc3 Nc6 6. Bg5 e6 7. Be2 Be7 8.
Qd2 a6 9. O-O-O Bd7 10. f4 Nxd4 11. Qxd4 Bc6 12. Bf3 Qa5 13. Kb1 O-O 14. g4
Rfd8 15. f5 b5 16. Rhg1 b4 17. Ne2 Rab8 18. Bh4 e5 19. Qe3 Qc5 20. Qxc5 dxc5
21. Rxd8+ Rxd8 22. Bxf6 Bxf6 23. g5 Be7 24. f6 Bf8 25. fxg7 Bxg7 26. b3 Kf8 27.
Kc1 f6 28. h4 fxg5 29. hxg5 a5 30. Rd1 Rxd1+ 31. Kxd1 Kf7 32. Bh5+ Ke6 33. Bg4+
Kf7 34. Bf5 h6 35. gxh6 Bxh6 36. Ng1 Be3 37. Nf3 Kf6 38. Ke2 Bf4 39. Kf2 Bb5
40. Ne1 c4 41. Bg4 Bd2 42. Nf3 Bc3 43. Ke3 a4 44. Bc8 cxb3 45. cxb3 a3 46. Bb7
Bc4 47. Bd5 Bxd5 48. exd5 Ke7 49. Ke4 Kd6 1/2-1/2

[Event "Gibtelecom ChallWk2 7th"]
[Site "Gibraltar"]
[Date "2009.02.01"]
[Round "1.21"]
[White "Ercan, Mehmet Fahri"]
[Black "Nisbet, Alex"]
[Result "0-1"]
[WhiteElo "2091"]
[BlackElo "1922"]
[PlyCount "74"]
[EventDate "2009.02.01"]
[EventType "swiss"]
[EventRounds "5"]
[EventCountry "GGB"]
[SourceTitle "BritBase"]
[Source "www.saund.co.uk"]
[SourceDate "2018.02.10"]
[SourceVersion "1"]
[SourceVersionDate "2018.02.10"]
[SourceQuality "1"]

1. d4 Nf6 2. c4 e6 3. a3 b6 4. Nf3 Bb7 5. e3 Be7 6. Bd3 O-O 7. Nbd2 d5 8. b3
Nbd7 9. Qc2 h6 10. Bb2 c5 11. Rc1 Rc8 12. Qb1 Re8 13. O-O Bd6 14. cxd5 exd5 15.
Rfd1 Ne4 16. Nf1 Ndf6 17. Ne5 Qe7 18. f3 Ng5 19. Ng3 cxd4 20. exd4 Bxa3 21. Nf5
Qb4 22. Rxc8 Bxc8 23. Ba1 Ne6 24. Bc2 Nf4 25. Bd3 Nxd3 26. Nxd3 Qf8 27. b4 Ba6
28. b5 Bb7 29. Qb3 g6 30. Nxh6+ Qxh6 31. Qxa3 Qe3+ 32. Kh1 Rc8 33. Qxa7 Rc2 34.
Rg1 Bc8 35. Qxb6 Kg7 36. Qa5 Bh3 37. Qe1 Qxd3 0-1

[Event "Gibtelecom ChallWk2 7th"]
[Site "Gibraltar"]
[Date "2009.02.01"]
[Round "1.23"]
[White "Dimitrijevic, Dragan"]
[Black "Palacios Pena, Gerardo"]
[Result "1-0"]
[WhiteElo "2069"]
[BlackElo "1850"]
[PlyCount "77"]
[EventDate "2009.02.01"]
[EventType "swiss"]
[EventRounds "5"]
[EventCountry "GGB"]
[SourceTitle "BritBase"]
[Source "www.saund.co.uk"]
[SourceDate "2018.02.10"]
[SourceVersion "1"]
[SourceVersionDate "2018.02.10"]
[SourceQuality "1"]

1. d4 c6 2. c4 d5 3. Nf3 Nf6 4. Nc3 g6 5. cxd5 cxd5 6. Bf4 Nc6 7. h3 Bg7 8. e3
O-O 9. Be2 a6 10. O-O b5 11. Rc1 Bb7 12. a3 Rc8 13. b4 e6 14. Nd2 Nd7 15. Nb3
Re8 16. Bf3 Nb6 17. Nc5 Qe7 18. Qb3 Nc4 19. Rfd1 Na7 20. Ra1 Ra8 21. Ra2 Bf8
22. Bg3 Rec8 23. e4 dxe4 24. N5xe4 Bg7 25. Ne2 Bd5 26. Nf4 Nd2 27. Nxd5 Nxf3+
28. Qxf3 exd5 29. Nc3 Nc6 30. Nxd5 Qd8 31. Rad2 a5 32. Qe4 axb4 33. axb4 Kh8
34. Nc7 Rxc7 35. Bxc7 Qxc7 36. Rc2 Rc8 37. Rdc1 Qd7 38. Rxc6 Re8 39. Qxe8+ 1-0

[Event "Gibtelecom ChallWk2 7th"]
[Site "Gibraltar"]
[Date "2009.02.01"]
[Round "1.24"]
[White "Middleton, Tom"]
[Black "Pali, Gabor"]
[Result "0-1"]
[WhiteElo "1840"]
[BlackElo "2048"]
[PlyCount "71"]
[EventDate "2009.02.01"]
[EventType "swiss"]
[EventRounds "5"]
[EventCountry "GGB"]
[SourceTitle "BritBase"]
[Source "www.saund.co.uk"]
[SourceDate "2018.02.10"]
[SourceVersion "1"]
[SourceVersionDate "2018.02.10"]
[SourceQuality "1"]

1. e4 b6 2. d4 Bb7 3. Nc3 e6 4. Nf3 Bb4 5. Bd3 d5 6. exd5 Bxd5 7. a3 Bxc3+ 8.
bxc3 Nf6 9. O-O Nbd7 10. Re1 O-O 11. Ne5 c5 12. Bg5 Qc7 13. Re3 c4 14. Nxd7
Nxd7 15. Bf1 f6 16. Bh4 Rae8 17. Bg3 Qc6 18. Qd2 Rf7 19. Rae1 Nf8 20. f4 f5 21.
Be2 Nd7 22. Bh5 g6 23. Bf3 Bxf3 24. gxf3 Qd6 25. d5 Nf6 26. Rxe6 Rxe6 27. Rxe6
Qxd5 28. Qe2 Kg7 29. Bf2 Nh5 30. Bd4+ Kh6 31. Re5 Qd6 32. Qxc4 Rc7 33. Qe2 Qxa3
34. Rxf5 Re7 35. Re5 Rf7 36. Qg2 {time} 0-1

[Event "Gibtelecom ChallWk2 7th"]
[Site "Gibraltar"]
[Date "2009.02.01"]
[Round "1.25"]
[White "Gandrud, Vegar Koi"]
[Black "Badillo Garcia, Aztlan"]
[Result "1-0"]
[WhiteElo "2046"]
[BlackElo "1383"]
[PlyCount "47"]
[EventDate "2009.02.01"]
[EventType "swiss"]
[EventRounds "5"]
[EventCountry "GGB"]
[SourceTitle "BritBase"]
[Source "www.saund.co.uk"]
[SourceDate "2018.02.10"]
[SourceVersion "1"]
[SourceVersionDate "2018.02.10"]
[SourceQuality "1"]

1. d4 d5 2. c4 Nf6 3. cxd5 Nxd5 4. e4 Nb6 5. Nf3 Bg4 6. Be2 e6 7. O-O Be7 8.
Nc3 O-O 9. h3 Bh5 10. Be3 Qd7 11. Ne5 Bxe2 12. Qxe2 Qd8 13. Rfd1 f6 14. Nc4 c6
15. Nxb6 axb6 16. d5 exd5 17. exd5 cxd5 18. Nxd5 Nd7 19. Bxb6 Nxb6 20. Nxe7+
Kh8 21. Rxd8 Raxd8 22. Re1 Rde8 23. Qb5 Rd8 24. Qxb6 1-0

[Event "Gibtelecom ChallWk2 7th"]
[Site "Gibraltar"]
[Date "2009.02.02"]
[Round "2.1"]
[White "Kvisla, Johannes Luangtep"]
[Black "Toll, Alec J"]
[Result "1-0"]
[WhiteElo "2208"]
[BlackElo "2091"]
[PlyCount "100"]
[EventDate "2009.02.01"]
[EventType "swiss"]
[EventRounds "5"]
[EventCountry "GGB"]
[SourceTitle "BritBase"]
[Source "www.saund.co.uk"]
[SourceDate "2018.02.10"]
[SourceVersion "1"]
[SourceVersionDate "2018.02.10"]
[SourceQuality "1"]

1. d4 e5 2. dxe5 Nc6 3. Nf3 Qe7 4. e4 Nxe5 5. Nxe5 Qxe5 6. Bd3 Bc5 7. O-O d6 8.
Kh1 Nf6 9. f4 Qh5 10. Qxh5 Nxh5 11. Nc3 Bd7 12. Nd5 O-O-O 13. Be2 Nf6 14. Nxf6
gxf6 15. f5 Rde8 16. Bd2 Bd4 17. c3 Bb6 18. Bd3 Bc6 19. Rae1 Re7 20. Re2 Rg8
21. h3 Rg3 22. Rf3 Rg8 23. c4 Bd4 24. b3 Be5 25. Kg1 b6 26. Kf1 Bb7 27. Ke1 c6
28. Kd1 Rd7 29. Kc2 Kc7 30. g4 Rdd8 31. Rf1 a5 32. a3 Ba6 33. Rf3 Kd7 34. a4
Bb7 35. Bh6 Ba6 36. Rf1 Rb8 37. Bd2 Rb7 38. Rd1 Rgb8 39. Rg2 b5 40. cxb5 cxb5
41. Bxa5 bxa4 42. b4 Rc8+ 43. Kb1 Bxd3+ 44. Rxd3 Rc4 45. Re2 Rb8 46. Ka2 Rbc8
47. Ka3 Rc3+ 48. Rxc3 Rxc3+ 49. Kxa4 Rxh3 50. b5 Rh1 1-0

[Event "Gibtelecom ChallWk2 7th"]
[Site "Gibraltar"]
[Date "2009.02.02"]
[Round "2.2"]
[White "Pali, Gabor"]
[Black "Getz, Nicolai"]
[Result "0-1"]
[WhiteElo "2048"]
[BlackElo "2140"]
[PlyCount "52"]
[EventDate "2009.02.01"]
[EventType "swiss"]
[EventRounds "5"]
[EventCountry "GGB"]
[SourceTitle "BritBase"]
[Source "www.saund.co.uk"]
[SourceDate "2018.02.10"]
[SourceVersion "1"]
[SourceVersionDate "2018.02.10"]
[SourceQuality "1"]

1. Nf3 Nf6 2. b3 g6 3. Bb2 Bg7 4. e3 O-O 5. c4 c5 6. g3 d6 7. d3 Nc6 8. Bg2 e5
9. Nfd2 Bg4 10. f3 Be6 11. Ne4 Ne8 12. h4 h6 13. Nbc3 f5 14. Nf2 Nf6 15. Qd2
Nh5 16. g4 Ng3 17. Rh2 f4 18. Nfe4 Nxe4 19. dxe4 Bf6 20. O-O-O fxe3 21. Qxd6
Qxd6 22. Rxd6 Nd4 23. Nd5 Bxd5 24. Rxd5 Ne2+ 25. Kd1 Nf4 26. Rxc5 e2+ 0-1